Normal view
MARC view
Entry Uniform Title
001 - CONTROL NUMBER
- control field: 31999
003 - CONTROL NUMBER IDENTIFIER
- control field: dpl
005 - DATE AND TIME OF LATEST TRANSACTION
- control field: 20110809112129.0
008 - FIXED-LENGTH DATA ELEMENTS
- fixed length control field: 110809|||a|||||| | ||| d
040 ## - CATALOGING SOURCE
- Original cataloging agency: dpl
- Transcribing agency: dpl
130 ## - HEADING--UNIFORM TITLE
- Uniform title:
670 ## - SOURCE DATA FOUND
- Source citation: Work cat.: (dpl)54922: विजयलक्षमी नागराज 31998, गैंडा भागा /, 2010
670 ## - SOURCE DATA FOUND
- Source citation: Work cat.: (dpl)54922: विजयलक्षमी नागराज 31998, गैंडा भागा /, 2010
